| 000 | 00600nam a22002171 4500 | ||
|---|---|---|---|
| 001 | bimo0000666654 | ||
| 003 | OSt | ||
| 005 | 20140826213008.0 | ||
| 008 | 900725s1968 sp spa | ||
| 035 | _a(OCoLC)318199116 | ||
| 040 |
_aSpMaBN _cBMC |
||
| 082 | _a862.3 | ||
| 100 |
_9247 _aCalderón de la Barca, Pedro _d1600-1681 |
||
| 245 | 1 | 0 |
_aNo hay burlas con el amor _b ; El médico de su honra _cCalderón de la Barca |
| 250 | _a5ª ed | ||
| 260 | 0 |
_aMadrid _bEspasa-Calpe _c1968 |
|
| 300 |
_a232 p. _c18 cm |
||
| 490 | 0 |
_aAustral _v593 |
|
| 740 | 3 | 1 | _aEl Medico de su honra. |
| 942 |
_2ddc _cBK |
||
| 999 |
_c302 _d302 |
||